Boiler operations /. (Record no. 601301)

000 -LEADER
fixed length control field 00287nam a2200109Ia 4500
008 - FIXED-LENGTH DATA ELEMENTS--GENERAL INFORMATION
fixed length control field 230907s9999||||xx |||||||||||||| ||und||
082 ## - DEWEY DECIMAL CLASSIFICATION NUMBER
Classification number 621.183
Author Mark MUR
245 #0 - TITLE STATEMENT
Title Boiler operations /.
260 ## - PUBLICATION, DISTRIBUTION, ETC.
Place of publication, distribution, etc. New Age International Publishers,
Name of publisher, distributor, etc. New Delhi :
Date of publication, distribution, etc. 2018
300 ## - PHYSICAL DESCRIPTION
Extent 338 p.
942 ## - ADDED ENTRY ELEMENTS (KOHA)
Koha item type Book
Holdings
Withdrawn status Lost status Damaged status Not for loan Permanent Location Current Location Date acquired Total Checkouts Full call number Barcode Date last seen Date last checked out Price effective from Koha item type
        US-Pakistan Center for Advanced Studies in Energy (USPCAS-E) US-Pakistan Center for Advanced Studies in Energy (USPCAS-E) 11/28/2019 1 621.183 MUR CAS-E0005400 01/20/2025 09/24/2024 09/12/2023 Book
© 2023 Central Library, National University of Sciences and Technology. All Rights Reserved.